Purandaradasa-kirtana. (Record no. 115335)

MARC details
000 -LEADER
fixed length control field 00632nam a2200205Ia 4500
003 - CONTROL NUMBER IDENTIFIER
control field OSt
005 - DATE AND TIME OF LATEST TRANSACTION
control field 20251105110828.0
008 - FIXED-LENGTH DATA ELEMENTS--GENERAL INFORMATION
fixed length control field 210210b2004 xxu||||| |||| 00| 0 eng d
040 ## - CATALOGING SOURCE
Transcribing agency AL
041 ## - LANGUAGE CODE
Language code of text/sound track or separate title Kannada
082 ## - DEWEY DECIMAL CLASSIFICATION NUMBER
Classification number K894.109 MADP
100 ## - MAIN ENTRY--PERSONAL NAME
Personal name MADHUKARA YAKKUNDI.
Dates associated with a name ಮಧುಕರ ಯಕ್ಕುಂಡಿ
9 (RLIN) 244024
245 ## - TITLE STATEMENT
Title Purandaradasa-kirtana.
Remainder of title ಪುರಂದರದಾಸ-ಕೀರ್ತನ
260 ## - PUBLICATION, DISTRIBUTION, ETC.
Place of publication, distribution, etc. Bengaluru
Name of publisher, distributor, etc. Karnataka Sahitya Akademi
Date of publication, distribution, etc. 2004
300 ## - PHYSICAL DESCRIPTION
Extent v,218
650 ## - SUBJECT ADDED ENTRY--TOPICAL TERM
Topical term or geographic name entry element Purandaradasara kirtanegalu
9 (RLIN) 244025
690 ## - LOCAL SUBJECT ADDED ENTRY--TOPICAL TERM (OCLC, RLIN)
Topical term or geographic name as entry element Kannada Poetry Criticism
9 (RLIN) 244026
906 ## - LOCAL DATA ELEMENT F, LDF (RLIN)
a SG04506
942 ## - ADDED ENTRY ELEMENTS (KOHA)
Source of classification or shelving scheme Dewey Decimal Classification
Koha item type Book
Holdings
Withdrawn status Lost status Source of classification or shelving scheme Damaged status Not for loan Collection code Home library Current library Shelving location Date acquired Cost, normal purchase price Total Checkouts Full call number Barcode Date last seen Price effective from Koha item type
    Dewey Decimal Classification     Kannada St Aloysius Library St Aloysius Library   02/17/2021 65.00   K894.109 MADP SG04506 02/17/2021 02/17/2021 Special Grants